Tribhuvan University Central Library

Voices of people on development (Record no. 71817)

MARC details
000 -LEADER
fixed length control field 00426 a2200181 4500
082 ## - DEWEY DECIMAL CLASSIFICATION NUMBER
Classification number DRM 362.5095496/UNI-v/U
110 ## - MAIN ENTRY--CORPORATE NAME
Corporate name or jurisdiction name as entry element UNDP
245 ## - TITLE STATEMENT
Title Voices of people on development
260 ## - PUBLICATION, DISTRIBUTION, ETC.
Place of publication, distribution, etc. Kathmandu
Name of publisher, distributor, etc. UNDP
Date of publication, distribution, etc. 2006
300 ## - PHYSICAL DESCRIPTION
Extent 210p.
650 ## - SUBJECT ADDED ENTRY--TOPICAL TERM
Topical term or geographic name entry element Development
650 ## - SUBJECT ADDED ENTRY--TOPICAL TERM
Topical term or geographic name entry element Education
650 ## - SUBJECT ADDED ENTRY--TOPICAL TERM
Topical term or geographic name entry element Poverty Control
650 ## - SUBJECT ADDED ENTRY--TOPICAL TERM
Topical term or geographic name entry element Gender Equality
650 ## - SUBJECT ADDED ENTRY--TOPICAL TERM
Topical term or geographic name entry element Health
653 ## - INDEX TERM--UNCONTROLLED
Uncontrolled term Disaster Management
942 ## - ADDED ENTRY ELEMENTS (KOHA)
Source of classification or shelving scheme Dewey Decimal Classification
Koha item type General Collections
Holdings
Withdrawn status Lost status Source of classification or shelving scheme Damaged status Not for loan Home library Current library Date acquired Total Checkouts Full call number Barcode Date last seen Price effective from Koha item type
    Dewey Decimal Classification     Tribhuvan University Central Library Tribhuvan University Central Library 04/23/2014   DRM 362.5095496/UNI-v/U G000031 04/23/2014 04/23/2014 General Collections